Salvador Dalí 1904-1989 excentrik a génius

Bibliographic Details
Main Author: Maddox, Conroy, 1912-2005 (Author)
Other Authors: Škorupová, Anna, 1925- (Translator)
Format: Book
Language:Slovak
German
PhysicalDescription:95 strán fotografie, portréty 30 cm
Published: Köln Bratislava Benedikt Taschen Slovart [1992]
ISBN:3822897213
Subjects:

MARC

LEADER 00000cam a2200000 4500
001 vtls008193337
003 SK-MaSNL
005 20260425225418.0
008 050808q1992 vp oc e 000 0dslo
015 |a SNBA2020/09 
020 |a 3822897213  |q (brožované) 
040 |a SNK  |b slo  |c SNK  |e rda 
041 0 |a slo  |h ger 
043 |a e-sp--- 
044 |a gx  |c DE  |a xo  |c SK 
072 7 |a 75  |x Maliarstvo  |2 konspekt 
072 7 |a 929  |x Biografie  |2 konspekt 
080 |a 75.071.1  |2 2011 
080 |a 929  |2 2011 
080 |a (084.11)  |2 2011 
080 |a 75(460)  |2 2011 
080 |a 7.037.5  |2 2011 
080 |a (460)  |2 2011 
080 |a (092)  |2 2011 
100 1 |a Maddox, Conroy,  |d 1912-2005  |4 aut  |9 162159 
245 1 0 |a Salvador Dalí 1904-1989  |b excentrik a génius  |c Conroy Maddox ; z nemčiny preložila Anna Škorupová 
246 3 0 |a Excentrik a génius 
264 1 |a Köln  |b Benedikt Taschen  |a Bratislava  |b Slovart  |c [1992] 
300 |a 95 strán  |b fotografie, portréty  |c 30 cm 
336 |a text  |b txt  |2 rdacontent 
336 |a statický obraz  |b sti  |2 rdacontent 
337 |a bez média  |b n  |2 rdamedia 
338 |a zväzok  |b nc  |2 rdacarrier 
500 |a Preložené z nemčiny 
500 |a Chronologický prehľad 
600 1 7 |a Dalí, Salvador,  |d 1904-1989  |2 SNKMA  |9 221574 
648 7 |a 20. storočie  |2 SNKPH  |9 278343 
648 7 |a 20th century  |2 SNKPHeng  |9 277995 
650 0 7 |a maliari  |2 SNKPH  |9 3150 
650 0 7 |a Painters  |2 SNKPHeng  |9 99679 
650 0 7 |a španielske maliarstvo  |2 SNKPH  |9 3125 
650 0 7 |a surrealizmus (umenie)  |2 SNKPH  |9 68884 
650 0 7 |a Spanish painting  |2 SNKPHeng  |9 317206 
650 0 7 |a Surrealism (art)  |2 SNKPHeng  |9 286766 
651 7 |a Španielsko  |2 SNKPH  |9 20008 
651 7 |a Spain  |2 SNKPHeng  |9 317207 
655 7 |a biografie  |2 SNKPH  |9 27965 
655 7 |a obrazové publikácie  |2 SNKPH  |9 70343 
655 7 |a Biography  |2 SNKPHeng  |9 266314 
655 7 |a Pictorial works  |2 SNKPHeng  |9 284468 
700 1 |a Škorupová, Anna,  |d 1925-  |4 trl  |9 221521 
919 |a 3-8228-9721-3 
958 |a OP 
968 |b DT 
999 |c 647839  |d 649769 
952 |a SNK  |b SNK  |y PREZ  |7 0  |p 17A1126046  |o snkOSB 19170  |i snk2018/13245  |8 1  |0 0  |1 0  |4 0  |d 2018-06-19  |l 0  |r 2026-02-23 18:12:59  |w 2026-02-23